one piece general knowledge - Statistics

General Stats
  • This quiz has been taken 140 times
  • The average score is 16 of 18
Answer Stats
Question Answer % Correct
captain of the straw hat pirates luffy
100%
cat burglar , navigator nami
100%
Musician straw hat, skeleton brook
99%
reindeer with human abilities chopper
99%
Straw hat Shipwright, Cyborg franky
99%
Ohara Archaeoligist, Devil child nico robin
99%
sniper usopp
99%
captains first mate, 3 sword style zoro
99%
2 division commander whitebeard pirates, main protagonist brother Ace
98%
King of the pirates Gol D Roger
98%
cook sanji
98%
Admiral with ice fruit powers Aokiji/Kuzan
89%
Fleet Admiral has magma fruit powers Akainu
88%
former captain of the sun pirates former Shichibukai jinbe
86%
strongest man in the world Whitebeard
85%
Admiral who has the fastest in the world has light fruit powers Kizaru
84%
Blind marine admiral wisest most open minded Fujitora
79%
Admiral with power to control or turn into flora Ryokugyu
43%
No matching quizzes found
Score Distribution
Percent of People with Each Score
Percentile by Number Answered
Your Score History
You have not taken this quiz